Distribution and logistics management (Record no. 40031)

MARC details
000 -LEADER
fixed length control field 00440nam a2200169Ia 4500
050 ## - CALL MARK
Classification number HF 5415.7 .G34/
100 ## - STATEMENT OF RESPONSIBILITY--MAIN AUTHOR NAME
Personal name Gbede, Omotayo G.
245 #0 - TITLE STATEMENT
Title Distribution and logistics management
260 ## - PUBLICATION, DISTRIBUTION, ETC. (IMPRINT)
Place of publication Ikeja, Lagos, Nigeria
260 ## - PUBLICATION, DISTRIBUTION, ETC. (IMPRINT)
Name of publisher Westbourne Business School
260 ## - PUBLICATION, DISTRIBUTION, ETC. (IMPRINT)
Year of publication 2021
300 ## - PHYSICAL DESCRIPTION
Number of Pages 226 p
650 ## - SUBJECT ADDED ENTRY--TOPICAL TERM
Topical Term Ikeja, Lagos, Nigeria
942 ## - ADDED ENTRY ELEMENTS (KOHA)
Koha item type Books
Holdings
Withdrawn status Lost status Source of classification or shelving scheme Damaged status Not for loan Permanent Location Current Location Date acquired Accession Number Price effective from Koha item type
    Library of Congress Classification     NILE UNIVERSITY OF NIGERIA - MAIN LIBRARY NILE UNIVERSITY OF NIGERIA - MAIN LIBRARY 06/03/2025 0195463 06/03/2025 Books
    Library of Congress Classification     NILE UNIVERSITY OF NIGERIA - MAIN LIBRARY NILE UNIVERSITY OF NIGERIA - MAIN LIBRARY 06/03/2025 0195475 06/03/2025 Books
    Library of Congress Classification     NILE UNIVERSITY OF NIGERIA - MAIN LIBRARY NILE UNIVERSITY OF NIGERIA - MAIN LIBRARY 06/03/2025 0195476 06/03/2025 Books